LEADER 01418nam a2200301 u 4500 001 000000060883 003 CaOOAMICUS 005 20070226120949.0 008 010803s1998 it u000 u ita u 035 $a10899598 040 $aPUL(R)$bita 100 1 $aNnajiofor Okika, Linus.$0(OLS)http://pul/name/41519 245 14$aThe human body and its symbolic structure in Maurice Merleau-Ponty /$cauctore Linus Nnajiofor Okika. 260 $aRoma :$b[s.n.],$c1998. 300 $a142 p. ;$c24 cm 500 $aIn testa al front.: "Pontificia Universitas Gregoriana. Facultas philosophiae". 500 $a"Excerpta ex dissertatione ad doctoratum". 502 $aDiss. (Doct.) -- Pontifica Universitas Gregoriana. Facultas philosophiae. 504 $aBibliografia: p. [129]-137. 600 14$aMerleau-Ponty, Maurice,$d1908-1961.$0(OLS)http://pul/subject/7919 650 4$aMente e corpo.$0(OLS)http://pul/subject/21508 710 2 $aPontificia Universitą Gregoriana.$bFacoltą di filosofia.$0(OLS)http://pul/name/40852 850 $aPUL 852 $aPUL$W1$xDP1 Tesi Pon. Univ. Gregoriana$y40$mTH PUG 4550$j79445$nBK-PRI$b $qTesi$B79445$CPULBib$Z2$F79445 $H $81 941 1 $a16 961 $aINV: 83869 996 $6245$aThe human body and its symbolic structure in Maurice Merleau-Ponty$9(OLS)http://pul/title/81356 996 $6260$aRoma :$b[s.n.]$9(OLS)http://pul/publisher/47958 LEADER 01538nam a2200313 a 4500 001 000000011246 003 CaOOAMICUS 005 20130724143003.0 008 941124s1930 it u000 u ita r 035 $a10276594 040 $aPUL(R)$bita 100 1 $aErmini, Giuseppe,$d1900-1981.$0(OLS)http://pul/name/2787 245 12$aI parlamenti dello Stato della Chiesa, dalle origini al periodo albornoziano /$cGiuseppe Ermini. 260 $aRoma :$bG. Bardi,$c1930. 300 $a120 p. ;$c25 cm 490 1 $aBiblioteca della Rivista di storia del diritto italiano ;$v5 504 $aBibliografia in nota a fondo pagina. 600 14$aAlbornoz, Gil Alvarez Carrillo de,$ccard.,$d1300-1367.$0(OLS)http://pul/subject/8661 650 4$aParlamenti$zStato della Chiesa$ySec. XIII-XIV.$0(OLS)http://pul/subject/8662 830 0$aBiblioteca della Rivista di storia del diritto italiano ;$v5.$0(OLS)http://pul/title/7731 850 $aPUL 852 $aPUL$W1$xDP1 Fondo Maccarrone$y58$m1504 G 11$j15937$nBK-PRI$b $qFondi$B15937$CPULBib$Z2$F15937 $H $81 852 $aPUL$W1$xDP2 Diritto e Scienze Sociali 1$y65$m181 A 51$j15938$nBK-PRI$qStampati$B15938$CPULBib$Z2$F15938 $82 941 1 $a1 941 1 $a8 961 $aINV: 01356 -- Fondo Mons. M. Maccarrone 961 $aEx libris: Evaristi Carusi. 996 $6245$aI parlamenti dello Stato della Chiesa, dalle origini al periodo albornoziano$9(OLS)http://pul/title/16322 996 $6260$aRoma :$bG. Bardi$9(OLS)http://pul/publisher/47975